مكتبة جامعة عجلون الوطنية

فهرس بحث المكتبة

The anatomy of sports injuries : (Record no. 34031)

MARC details
000 -LEADER
fixed length control field 02231cam a22004217i 4500
001 - CONTROL NUMBER
control field 20715037
003 - CONTROL NUMBER IDENTIFIER
control field JO-AjAnu
005 - DATE AND TIME OF LATEST TRANSACTION
control field 20251011101514.0
008 - FIXED-LENGTH DATA ELEMENTS--GENERAL INFORMATION
fixed length control field 181022s2018 enka b 001 0 eng d
010 ## - LIBRARY OF CONGRESS CONTROL NUMBER
LC control number 2018289141
020 ## - INTERNATIONAL STANDARD BOOK NUMBER
International Standard Book Number 978171718249134
Qualifying information pbk.
020 ## - INTERNATIONAL STANDARD BOOK NUMBER
International Standard Book Number 1623172837
Qualifying information pbk.
035 ## - SYSTEM CONTROL NUMBER
System control number 20715037
035 ## - SYSTEM CONTROL NUMBER
System control number (OCoLC)1015828095
040 ## - CATALOGING SOURCE
Original cataloging agency YDX
Language of cataloging eng
Transcribing agency YDX
Description conventions rda
Modifying agency BDX
-- IEB
-- OCLCF
-- VP@
-- DLC
-- JO-AjAnu
041 ## - LANGUAGE CODE
Language code of text/sound track or separate title eng
Language code of original eng
042 ## - AUTHENTICATION CODE
Authentication code lccopycat
050 00 - LIBRARY OF CONGRESS CALL NUMBER
Classification number RD97
Item number .W35 2021
082 04 - DEWEY DECIMAL CLASSIFICATION NUMBER
Classification number 617.1/027
Edition number 23
100 1# - MAIN ENTRY--PERSONAL NAME
Personal name Walker, Brad,
Dates associated with a name 1971-
245 14 - TITLE STATEMENT
Title The anatomy of sports injuries :
Remainder of title your illustrated guide to prevention, diagnosis, and treatment /
Statement of responsibility, etc. Brad Walker.
250 ## - EDITION STATEMENT
Edition statement Second edition.
264 #1 - PRODUCTION, PUBLICATION, DISTRIBUTION, MANUFACTURE, AND COPYRIGHT NOTICE
Place of production, publication, distribution, manufacture Chichester, England :
Name of producer, publisher, distributor, manufacturer Lotus Publishing ;
Place of production, publication, distribution, manufacture Berkeley, California :
Name of producer, publisher, distributor, manufacturer North Atlantic Books,
Date of production, publication, distribution, manufacture, or copyright notice 2018.
300 ## - PHYSICAL DESCRIPTION
Extent 280 pages :
Other physical details color illustrations ;
Dimensions 27 cm
336 ## - CONTENT TYPE
Content type term text
Content type code txt
Source rdacontent
337 ## - MEDIA TYPE
Media type term unmediated
Media type code n
Source rdamedia
338 ## - CARRIER TYPE
Carrier type term volume
Carrier type code nc
Source rdacarrier
504 ## - BIBLIOGRAPHY, ETC. NOTE
Bibliography, etc. note Includes bibliographical references and index.
505 0# - FORMATTED CONTENTS NOTE
Formatted contents note Explanation of sports injury -- Sports injury prevention -- Sports injury treatment and rehabilitation -- Sports injuries of the skin -- Sports injuries of the head and neck -- Sports injuries of the hands and fingers -- Sports injuries of the wrists and forearm -- Sports injuries of the elbow -- Sports injuries of the shoulder and upper arm -- Sports injuries of the back and spine -- Sports injuries of the chest and abdomen -- Sports injuries of the hips, pelvis, and groin -- Sports injuries of the hamstrings and quadriceps -- Sports injuries of the knee -- Sports injuries of the shin and calf -- Sports injuries of the ankle -- Sports injuries of the foot.
650 #0 - SUBJECT ADDED ENTRY--TOPICAL TERM
Topical term or geographic name entry element Sports injuries
Form subdivision Atlases.
650 #7 - SUBJECT ADDED ENTRY--TOPICAL TERM
Topical term or geographic name entry element Sports injuries.
Source of heading or term fast
Authority record control number or standard number (OCoLC)fst01130688
655 #7 - INDEX TERM--GENRE/FORM
Genre/form data or focus term Scientific atlases.
Source of term fast
Authority record control number or standard number (OCoLC)fst01941304
655 #7 - INDEX TERM--GENRE/FORM
Genre/form data or focus term Atlases.
Source of term lcgft
Authority record control number or standard number https://id.loc.gov/authorities/genreForms/gf2011026058
906 ## - LOCAL DATA ELEMENT F, LDF (RLIN)
a 7
b cbc
c copycat
d 2
e ncip
f 20
g y-gencatlg
942 ## - ADDED ENTRY ELEMENTS (KOHA)
Source of classification or shelving scheme Library of Congress Classification
Koha item type Books
Suppress in OPAC No
Holdings
Withdrawn status Lost status Source of classification or shelving scheme Damaged status Not for loan Home library Current library Date acquired Total Checkouts Full call number Barcode Date last seen Price effective from Koha item type
    Library of Congress Classification     مكتبة جامعة عجلون الوطنية مكتبة جامعة عجلون الوطنية 11/10/2025   RD97.W35 2021 e4053 11/10/2025 11/10/2025 Books